Normal view
MARC view
- أبو شهاب، حمدة عبد الله
Entry Personal Name
001 - CONTROL NUMBER
- control field: 24229
003 - CONTROL NUMBER IDENTIFIER
- control field: JO-AjAnu
005 - DATE AND TIME OF LATEST TRANSACTION
- control field: 20230606074145.0
008 - FIXED-LENGTH DATA ELEMENTS
- fixed length control field: 230606|| aca||aabn | a|a d
040 ## - CATALOGING SOURCE
- Original cataloging agency: JO-AjAnu
- Transcribing agency: JO-AjAnu
100 ## - HEADING--PERSONAL NAME
- Personal name: أبو شهاب، حمدة عبد الله
670 ## - SOURCE DATA FOUND
- Source citation: Work cat.: (JO-AjAnu)12458: أبو شهاب، حمدة عبد الله, author, منهج تقرير مسائل النحو من سيبويه حتى إبن جني